Guía eclesiástica de España para 1888 / (Record no. 151404)
[ view plain ]
| 000 -LEADER | |
|---|---|
| campo de control de longitud fija | 00863nam a22002055i 4500 |
| 001 - NÚMERO DE CONTROL | |
| campo de control | 151404 |
| 003 - IDENTIFICADOR DE NÚMERO DE CONTROL | |
| campo de control | ES-MaACL |
| 005 - FECHA Y HORA DE LA ÚLTIMA TRANSACCIÓN | |
| campo de control | 20230906204011.0 |
| 008 - DATOS DE LONGITUD FIJA--INFORMACIÓN GENERAL | |
| campo de control de longitud fija | 010329s1888 sp |||| | spa d |
| 040 ## - FUENTE DE CATALOGACIÓN | |
| Centro catalogador/agencia de origen | CCPB | B |
| Lengua de catalogación | spa |
| Centro/agencia transcriptor | CCPB | B |
| 100 1# - ENTRADA PRINCIPAL--NOMBRE DE PERSONA | |
| Nombre de persona | Alderete de Ansótegui, Severino. |
| 9 (RLIN) | 125598 |
| 245 10 - MENCIÓN DEL TÍTULO | |
| Título | Guía eclesiástica de España para 1888 / |
| Mención de responsabilidad, etc. | por Severino Alderete, Emilio Piñuela y José Villar. |
| 260 ## - PUBLICACIÓN, DISTRIBUCIÓN, ETC. | |
| Lugar de publicación, distribución, etc. | Madrid : |
| Nombre del editor, distribuidor, etc. | [s.n.], |
| Fecha de publicación, distribución, etc. | 1888 ( |
| Fabricante | imprenta de Lucas Polo) |
| 300 ## - DESCRIPCIÓN FÍSICA | |
| Extensión | VIII, 1295 p. ; |
| Dimensiones | 18 cm. |
| 610 24 - PUNTO DE ACCESO ADICIONAL DE MATERIA--NOMBRE DE ENTIDAD CORPORATIVA | |
| Nombre de entidad corporativa o nombre de jurisdicción como elemento de entrada | Iglesia Católica- |
| Subdivisión geográfica | España- |
| Subdivisión de forma | Directorios. |
| 9 (RLIN) | 148042 |
| 650 04 - PUNTO DE ACCESO ADICIONAL DE MATERIA--TÉRMINO DE MATERIA | |
| Término de materia o nombre geográfico como elemento de entrada | Clero- |
| Subdivisión geográfica | España- |
| Subdivisión cronológica | S.XIX. |
| 9 (RLIN) | 11117 |
| 700 12 - ENTRADA AGREGADA--NOMBRE PERSONAL | |
| Nombre de persona | Piñuela, Emilio. |
| Título de la obra | Guía eclesiástica de España para 1888. |
| 9 (RLIN) | 131200 |
| 700 12 - ENTRADA AGREGADA--NOMBRE PERSONAL | |
| Nombre de persona | Villar, José. |
| Título de la obra | Guía eclesiástica de España para 1888. |
| 9 (RLIN) | 133752 |
| 852 ## - LOCALIZACIÓN | |
| Ubicación | ES-MaACL |
| Número de control de estantería | R-3077-80 Olim:G-7067-74 |
| Nota libre | -- Enc. piel grab. |
| Estatus retirado | Estado de pérdida | Estado de daño | No para préstamo | Colección | Biblioteca de origen | Biblioteca actual | Ubicación en estantería | Fecha de adquisición | Total de préstamos | Signatura topográfica completa | Código de barras | Visto por última vez | Precio de reemplazo | Tipo de ítem Koha |
|---|---|---|---|---|---|---|---|---|---|---|---|---|---|---|
| Libros del s. XIX | Biblioteca del Ateneo de Madrid | Biblioteca del Ateneo de Madrid | Depósito | 17/01/2008 | R-3077-80 | 1157969 | 23/02/2023 | 23/02/2023 | Libro impreso antiguo |
